Annual report 1983 IFAD - International fund for agricultural development

Gespeichert in:
Bibliographische Detailangaben
Format: Buch
Sprache:Englisch
Veröffentlicht: Rome International fund for agricultural development 1983
Tags: Tag hinzufügen
Keine Tags, Fügen Sie das erste Tag hinzu!

MARC

LEADER 00000nam a2200000 4500
001 c114898
005 20221207064520.3
041 0 |a eng 
044 |a IT 
245 1 0 |a Annual report 1983  |b IFAD - International fund for agricultural development 
264 1 |a Rome  |b International fund for agricultural development  |c 1983 
300 |a 80 s.